000 00269nam a2200097Ia 4500
001 851259
005 20250826174452.0
008 250824s9999 xx 000 0 und d
245 0 _aSEPETTE BULUNMUŞ - HEPSİNDEN ACI
_cHALİD ZİYA UŞAKLIGİL
260 _bÖZGÜR YAYINLARI
999 _c851259
_d851259